000 00313nam a22001217a 4500
003 OSt
008 250128b |||||||| |||| 00| 0 eng d
041 _aeng
100 _aKhurumi, RS
_97015
245 _aText Book of Hydraulics Fluid Mechanics and Hydraulic Machines
260 _bS Chand & Co,
_c1980.
942 _cBK
999 _c19164
_d19164